LEADER 01289nam a2200301 4500 001 000000365459 003 CaOOAMICUS 005 20251127150104.0 008 251126s1997 it 000 u ita r 020 $a88-8319-141-2 040 $aSeMil$bita 100 1 $aNaudé, Gabriel,$d<1600-1653>.$0(OLS)http://semarc/name/123322 240 10$aBibliographia politica.$0(OLS)http://semarc/title/457054 245 10$aBibliografia politica /$cGabriel Naudé ; a cura di Domenico Bosco. 264 1$aRoma :$bBulzoni,$c1997. 300 $a298 p. ;$c24 cm 490 1 $aBiblioteca del Cinquecento ;$v77 650 4$aBibliografia.$0(OLS)http://semarc/subject/2051 650 4$aPolitica - Bibliografia.$0(OLS)http://semarc/subject/59105 700 1 $aBosco, Domenico,$d<1950- >.$0(OLS)http://semarc/name/5148 830 0$aBiblioteca del Cinquecento ;$v77.$0(OLS)http://semarc/title/18019 850 $aSeMil 852 $aSeMil$W1$xVenegono$y1$m3Y IV 71$j264962$B256289$CSeMilBibl$Z2$F256289 $81 961 $aBuzzi mons. Franco - Omaggio 996 $6020$a88-8319-141-2$9(OLS)http://semarc/number/304801 996 $6245$aBibliografia politica$9(OLS)http://semarc/title/457053 996 $6264$aRoma :$bBulzoni$9(OLS)http://semarc/publisher/30302 LEADER 00964nam a2200253 i 4500 001 000000087005 003 CaOOAMICUS 005 20180830150016.0 008 180830s1985 xx u000 u und u 013 $a59245 020 $a88-17-53768-3 040 $aSeMil$bita 100 1 $aSommavilla, Guido,$c.$0(OLS)http://semarc/name/89230 245 13$aLa Compagnia di Gesù. 260 $aMilano :$bRizzoli,$c1985. 300 $a297 p. 600 04$aIgnazio : di Loyola .$0(OLS)http://semarc/subject/467 650 4$aChiesa.$0(OLS)http://semarc/subject/3309 650 4$aGesuiti.$0(OLS)http://semarc/subject/3483 850 $aSeMil 852 $aSeMil$W1$xVenegono$y1$m78 25 *$j50604$B50604$CSeMilBibl$Z2$F54604 $81 996 $6020$a88-17-53768-3$9(OLS)http://semarc/number/21354 996 $6245$aLa Compagnia di Gesù$9(OLS)http://semarc/title/431083 996 $6260$aMilano :$bRizzoli$9(OLS)http://semarc/publisher/29824